000 nam a22 a 4500
999 _c186637
_d186637
003 BLK
005 20220503115330.0
008 180411b bul|||||r ||||||| ||bul||
010 _aKNG00195633000
040 _aBLK
041 _aBUL
_cBUL
080 _aМатематическа лингвистика (общи въпроси)
_b81`32
_z81`32
100 1 _aПавлов, Радослав Димов
_eпърви автор
_9384431
139 _aПавлов, Радослав Димов
_bП 13
245 1 0 _aМатематическа лингвистика
_bУвод в теорията на формалните езици и граматика
_cРадослав Павлов.
257 _aBGR
260 _aСофия
_bНар. просв.
_fХасково : Ат. Стратиев
_c1982
300 _a152 с.
_bсъс сх., ил.
_c20 см
380 _a80
500 _aПредм. показалец.
650 4 _aМатематическа лингвистика
_9262677
653 7 _9185931
_aезикознание
852 _aЦб 117423
_bЦб
942 _cKNG
_n0
_s1
944 _aCR
_c10.11.2016
_kГрета_Цуфелде
944 _aED
_c2022-05-03
_kГГГ